Top 20 Most Popular Anime - Statistics

General Stats
  • This quiz has been taken 412 times
  • The average score is 5 of 20
Answer Stats
Number Answer % Correct
#6 Naruto
89%
#7 Bleach
66%
#1 Dragonball Z
64%
#4 Death Note
60%
#12 Attack on Titan
56%
#3 Fullmetal Alchemist
45%
#2 Pokemon
38%
#8 Code Geass
27%
#5 Cowboy Bebop
18%
#13 Neon Genesis Evangelion
10%
#18 Clannad
8%
#10 Ouran High School Host Club
7%
#9 Elfen Lied
6%
#17 Gurren Lagann
6%
#16 Trigun
5%
#14 Fruits Basket
3%
#11 Blood+
0%
#19 Chobits
0%
#15 Claymore
0%
#20 Full Metal Panic
0%
No matching quizzes found
Score Distribution
Percent of People with Each Score
Percentile by Number Answered
Your Score History
You have not taken this quiz